00990nam a22002057a 4500003000900000008004100009020001800050040007100068082001700139100001800156245006200174260002900236300002800265440005200293505033200345650001500677650002700692650002700719700003800746AR-CdUCM190307b ||||| |||| 00| 0 spa d a84.309-0454-9 aMUNICIPALIDAD PROVINCIAL DEL CUSCOcBIBLIOTECA MUNICIPAL DEL CUSCO a338.9 /bD85 aDobb, Maurice aEnsayos sobre capitalismo, desarrollo y planificación / aMadrid :bTecnos,c1973. a235 páginas ;c24 cm. aBiblioteca Tecnos de ciencias económicas.n17 aContenido: Problemas de la historia del capitalismo -- Algunas cuestiones sobre desarrollo económico -- Reflexiones sobre la teoría de la planificación de inversiones y el desarrollo económico -- La cuestión de la "prioridad de la inversión en industria pesada" -- La planificación y la economía soviética ... aEconomía aDesarrollo económico aPolítica económica aMartinez Pujana, Ana (traductora)